000 00307nam a22001337a 4500
008 170829b xxu||||| |||| 00| 0 eng d
020 _a9780495554226
041 _aeng
080 _a070
100 _a39
101 _aMED
245 _aINTERCULTURAL COMMUNICATION A READER
_cSAMOVAR,L.A
942 _2udc
_cBK
999 _c25350
_d25350